00606nam a22001817a 450000500170000001000150001702000260003203500130005803700130007108200130008410000170009724501120011426000450022627000640027130000230033550000500035870000160040820140827122106.0 aENG-110598 a9780198099789c995.00 aEN-94130 bDBAD/PUB a621.3822 aRohit Prasad aThe dynamics of spectrum management :cby Rohit Prasad [and] V. Sridharblegacy, technology and economics / aNew DelhibOxford University Pressc2014 aYMCA Library Building, 1 Jai Singh Road bNew Delhie110001 axx,366p.c23cm(Hb) aIncludes bibliographical references and index aSridhar, V.